| 000 | 00404nam a2200169 a 4500 | ||
|---|---|---|---|
| 003 | DLC | ||
| 005 | 20210219152717.0 | ||
| 008 | 991125s1948 eua 000 0 eng u | ||
| 022 | _a0004-3125 | ||
| 035 | _aUPN01000059412 | ||
| 245 | 0 | 0 | _aART EDUCATION |
| 260 |
_aEUA, _bNational Art Education Association |
||
| 260 | _c1948 | ||
| 310 | _aBimestral | ||
| 653 | 0 | _aEDUCACION ARTISTICA | |
| 905 | _aRevista | ||
| 999 |
_c59397 _d59397 |
||